| 000 | 01550namaa22003251i 4500 | ||
|---|---|---|---|
| 005 | 20260429110922.0 | ||
| 008 | 260429s1995 ua a|||frm||| 000 0 eng d | ||
| 040 |
_aEG-GICUC _beng _cEG-GICUC _dEG-GICUC _erda |
||
| 041 | 0 |
_aeng _beng _bara |
|
| 049 | _aDeposit | ||
| 097 | _aM.Sc | ||
| 099 | _aCai01.16.03.M.Sc.1995.Ab.E. | ||
| 100 | 0 |
_aAbdel- Wahab Abdel- Maksoud Abdel-Maguid, _epreparation. |
|
| 245 | 1 | 0 |
_aEvaluation Of The Natural Reservoir Of Plant Nutrients In Some Marginal Soil Types In Northern Sudan / _cBy Abdel- Wahab Abdel- Maksoud Abdel-Maguid; Under Supervision Of Pro.Dr. Tarik M. Labib, Pro.Dr. Mohamed M. EL-Fouly, Dr. Hassan S. EL-Hassan. |
| 246 | 1 | 5 | _aقييم المخزون الطبيعي من العناصر الغذائية في بعض أنواع التربة الهامشية في شمال السودان / |
| 264 | 0 | _c1995. | |
| 300 |
_a100 pages : _billustrations ; _c30 cm. + |
||
| 336 |
_2rda content _atext |
||
| 337 |
_2rdamedia _aUnmediated |
||
| 338 |
_2rdacarrier _avolume |
||
| 502 | _aThesis (M.Sc.) -Cairo University, 1995. | ||
| 504 | _aBibliography: pages 90-100. | ||
| 653 | 0 | _aNatural Resources | |
| 700 | 0 |
_aTarik M. Labib _ethesis advisor. |
|
| 700 | 0 |
_aMohamed M. EL-Fouly _ethesis advisor. |
|
| 700 | 0 |
_aHassan S. EL-Hassan _ethesis advisor. |
|
| 900 |
_DDepartment of Natural Resources _FFaculty of Insttute Of African Research & Studies _UCairo University _b1995 _cTarik M. Labib _cMohamed M. EL-Fouly _cHassan S. EL-Hassan |
||
| 905 | _aEman El gebaly | ||
| 942 |
_2ddc _cTH _e21 _n0 |
||
| 999 | _c179800 | ||